000 00572nam a2200169 4500
001 135981
003 ES-MaACL
007 t|
008 070214s1923 fr r ||||1| fre d
100 1 _aRoux, Ulysse.
_9100115
245 1 3 _aLa grande industrie des acides organiques
_b: bitartrate de potassium, acide tartrique, acide citrique /
_cUlysse Roux.
250 _a2ª. ed.
_bmise a jour par Albert Aubry.
260 _aParis :
_b[s.n.],
_c1923 (
_fImp. Deslis Fréres)
300 _aVIII, 560 p. ;
_c25 cm.
700 1 _aAubry, Albert.
_923821
852 _aES-MaACL
_jB-4415
999 _c135981
_d135981